000
00325nam a2200157Ia 4500
003
IT-RoPAU
008
120407s9999 xx 000 0 und d
040
_a
IT-RoPAU
040
_c
IT-RoPAU
100
_a
G. Rossi
245
_a
Il Vangelo secondo Luca
260
_a
La Scuola
300
_c
cm
490
_v
1
942
_c
BK
999
_c
7263
_d
7263